=LDR 00000nam 2200000 4500 =001 INLIS000000000039394 =005 20130612145026 =008 ***********************************ind** =035 ##$$a0010-061300000039394 =041 ##$$a ind =082 ##$$a 746.44 =090 ##$$a 746.44, Ind u =100 ##$$a INDERA, Ira Dhayani =245 ##$$a Variasi cantik sulam sisir, Ina dhayani indira, Ninuk sunjawati =260 ##$$a 21 cm $b Jakarta =650 ##$$a SULAMAN =700 ##$$a SUNJAWATI, Ninuk =850 ##$$a NBPNMAT =990 ##$$a 21400613/BPAP-NTB/20142014